000 01165 a2200229 4500
005 2008090409369.0
008 080904t xxu||||| |||| 00| 0 hin d
010 _aHIN-78994
020 _a8188189499
_c125.00
035 _aHN-51341
037 _bD.B.Act / pub
082 _a954.14
100 _aवशिष्ठ, सावित्री
245 _aहरियाणा का ऐतिहासिक नगर तरावड़ी
_cसावित्री वशिष्ठ
246 _aHaryana ka etihasic nagar Taravadi
_bSavitri Vashisht
260 _aदिल्ली
_bसत्साहित्य प्रकाशन,
_c2007
270 _a57-बी,पाकेट-ए,फेज-11,अशोक विहार
_bदिल्ली
_e110052
_k27420386
300 _a71पृ
_c22 सेमी (सजिल्द)
490 _vभाग-1
942 _adpl
_cHN
_k954.14 / वशिष्ठ
_2ddc
_h954.14
_mवशिष्ठ
999 _c1100
_d1100